AOL in a nutshell : a desktop guide to America Online
Saved in:
| Main Author: | |
|---|---|
| Other Authors: | |
| Format: | Book |
| Language: | English |
| Published: |
Cambridge :
O'Reilly,
c1998
|
| Series: | Nutshell handbook
|
| Subjects: | |
| Tags: |
Add Tag
No Tags, Be the first to tag this record!
|
MARC
| LEADER | 00000nam a2200000 i 4500 | ||
|---|---|---|---|
| 001 | 1/93700 | ||
| 008 | 991123s1998 eng d | ||
| 020 | |a 1-56592-424-X | ||
| 035 | |l 10054505 | ||
| 040 | |a GR-MY-UA |b gre |e aacr | ||
| 041 | 0 | |a eng | |
| 082 | 0 | |a 025.04 | |
| 100 | 0 | |a Degenhart, Curt. | |
| 245 | 1 | 0 | |a AOL in a nutshell : |b a desktop guide to America Online / |c Curt Degenhart & Jen Muehlbauer |
| 246 | 3 | 3 | |a America Online in a nutshell |
| 260 | |a Cambridge : |b O'Reilly, |c c1998 | ||
| 300 | |a xxiii, 510 p.; |b ill.; |c 23 cm. | ||
| 490 | 1 | |a Nutshell handbook | |
| 500 | |a "Covers AOL 4.0"--Cover | ||
| 504 | |a Includes bibliographical references and index | ||
| 650 | 0 | 0 | |a America Online (Online service) |x Handbooks, manuals, etc. |
| 700 | 0 | |a Muehlbauer, Jen. | |
| 830 | 0 | |a Nutshell handbook | |
| 852 | |a INST |b SAMOS |e 19991123 |h 025.04 DEG |p 005300016680 |q 005300016680 |t BK |y 0 | ||
| 901 | |a BIBL3-2000-2 | ||
| 909 | |a Σ |b 069658 | ||
| 922 | |a 3ΕΛΗ |b 199910 |c ΤΠΕΣ |d ΠΑΠΑΣΩΤΗΡΙΟΥ | ||
| 950 | |a 133-1999-07-20 | ||
| 970 | |z 2000/05/ΜΠΡΑΤΤΗΣ | ||